| 000 | 02089nam0a2200313 4500 | ||
|---|---|---|---|
| 001 | RU\NLR\bibl\1266054 | ||
| 005 | 20260407185809.0 | ||
| 010 |
_a978-5-98709-080-0 _9300 |
||
| 021 |
_aRU _b2008-51469 _92851 |
||
| 035 | _a(NLR Aleph) 001251972 | ||
| 090 |
_a324805 _c324805 |
||
| 100 | _a20080828d2008 |||y0rusy50 ca | ||
| 101 | 0 | _arus | |
| 102 | _aRU | ||
| 105 | _aa ||||||||| | ||
| 200 | 1 |
_aМетодические материалы к программному комплексу Логитюд-ЭДК _eЭкспертная система Лонгитюд _eЭДК (экспериментально-диагностический комплекс), программное обеспечение практикумов по общей, экспериментальной, возрастной, педагогической психологии и психодиагностике _fС.-Петерб. гос. ун-т, Центр техн. сопровождения образоват. программ, Отд-ние психологии, Фак. психологии, Науч.-исслед. центр им. Б.Г. Ананьева _g[С.А. Мирошников и др.] |
|
| 205 |
_a6-е изд., перераб. и доп. _b(соответствующая версия программы: 8.1.10) |
||
| 210 |
_aСанкт-Петербург _c[б.и.] _d2008 |
||
| 215 |
_a170 с. _cил. _d21 |
||
| 320 | _aПредм. указ.: с. 150-151 | ||
| 606 | 1 |
_aПсиходиагностика _jМетодические пособия _xМетодика _92180503 _3RU\NLR\auth\661311301 |
|
| 686 | _aЮ9в6я78 | ||
| 702 | 1 |
_aМирошников _bС. А. _gСергей Александрович _4220 |
|
| 712 | 0 | 2 |
_4570 _aСанкт-Петербургский государственный университет _bЦентр технического сопровождения образовательных программ _3RU\NLR\AUTH\8810122292 _9742604 |
| 801 | 0 |
_aRU _bNLR _c20080828 _gRCR |
|
| 801 | 1 |
_aRU _bNLR _c20080828 |
|
| 942 | _cBOOK | ||
| 980 | _aNB | ||